| 000 | 01070nac a22002777a 4500 | ||
|---|---|---|---|
| 001 | BR7314140 | ||
| 003 | BR-BrBNA | ||
| 005 | 20240105113642.0 | ||
| 008 | 230509b bl.|||m| |||| 00| 0 por d | ||
| 040 |
_aBR-BrBNA _bpor _cBiblioteca Nacional de Agricultura |
||
| 072 | _aF00; H10; H20 | ||
| 090 | _a1000 BR7314140 | ||
| 100 | 1 | _aMoreira, S. | |
| 110 | 1 |
_aSecretaria da Agricultura, Industria e Commercio do Estado de Sao Paulo, Sao Paulo (Brasil). Depto. de Fomento da Produccao Vegetal. Seccao de Fruticultura _98432 |
|
| 245 | 1 | _aTratamento dos pomares citricos no Estado de Sao Paulo [Brasil] | |
| 260 | 3 |
_aSao Paulo, SP (Brasil): _c1936. |
|
| 300 | _a17 p. | ||
| 490 |
_aCircular - Secretaria da Agricultura, Industria e Commercio do Estado de Sao Paulo. Depto. de Fomento da Produccao Vegetal. Seccao de Fruticultura (Brazil) _vno. 4 _x |
||
| 650 | _aFRUTA CITRICA | ||
| 650 | _aPESTICIDA | ||
| 650 | _aCONTROLE QUIMICO | ||
| 650 | _aPULVERIZACAO | ||
| 650 | _aSAO PAULO | ||
| 909 |
_a202312 _bLúcia Elande _c55 _dLúcia Elande |
||
| 942 |
_2AGRIS _n0 _cMS |
||
| 999 |
_c264823 _d264823 |
||